[Event "EU-ch (Women) 23rd"]
[Site "Petrovac"]
[Date "2023.03.27"]
[Round "9"]
[White "Guichard, Pauline"]
[Black "Daulyte Cornette, Deimante"]
[Result "1-0"]
[WhiteElo "2379"]
[BlackElo "2344"]
[PlyCount "89"]
[EventDate "2023.03.18"]
[EventType "swiss"]
[EventRounds "11"]
[EventCountry "MNE"]
[SourceTitle "CBM 213 Extra"]
[Source "ChessBase"]
[SourceDate "2023.05.31"]
[SourceVersion "1"]
[SourceVersionDate "2023.05.31"]
[SourceQuality "1"]

1. d4 d5 2. c4 e6 3. Nf3 Nf6 4. Nc3 Bb4 5. Qa4+ Nc6 6. e3 0-0 7. Bd2 Re8 8. a3 Bf8 9. Be2 a6 10. 0-0 h6 11. Rad1 Bd7 12. Qc2 Bd6 13. c5 Bf8 14. Ne5 Nxe5 15. dxe5 Ne4 16. Nxe4 dxe4 17. Ba5 Qc8 18. Qxe4 Bxc5 19. Bd3 g6 20. Rc1 Bc6 21. Qf4 Qd7 22. Rfd1 Qd5 23. Qg3 b6 24. Bb1 Qb3 25. Bc2 Qa2 26. Bxg6 fxg6 27. Qxg6+ Kh8 28. Qxh6+ Kg8 29. Qg5+ Kf8 30. Qf4+ Kg8 31. Qg4+ Kf8 32. Bd2 Ke7 33. Bb4 Rg8 34. Qh4+ Ke8 35. Qh5+ Kf8 36. Qh6+ Rg7 37. Rd4 Kg8 38. Rh4 Rxg2+ 39. Kf1 Rxf2+ 40. Ke1 Re2+ 41. Kxe2 Qxb2+ 42. Bd2 Bb5+ 43. Ke1 Qxe5 44. Qh7+ Kf8 45. Qh8+ 1-0

[Event "EU-ch (Women) 23rd"]
[Site "Petrovac"]
[Date "2023.03.22"]
[Round "5"]
[White "Efroimski, Marsel"]
[Black "Daulyte Cornette, Deimante"]
[Result "1-0"]
[WhiteElo "2451"]
[BlackElo "2344"]
[PlyCount "57"]
[EventDate "2023.03.18"]
[EventType "swiss"]
[EventRounds "11"]
[EventCountry "MNE"]
[SourceTitle "CBM 213 Extra"]
[Source "ChessBase"]
[SourceDate "2023.05.31"]
[SourceVersion "1"]
[SourceVersionDate "2023.05.31"]
[SourceQuality "1"]

1. e4 e5 2. Nf3 Nc6 3. Bc4 Nf6 4. d3 d5 5. exd5 Nxd5 6. Nc3 Nxc3 7. bxc3 Bg4 8. Rb1 Bc5 9. Qe2 0-0 10. Qe4 Qc8 11. Ng5 Qf5 12. f3 h6 13. Nxf7 Qxe4+ 14. dxe4 Na5 15. Nxh6+ Kh7 16. Bg8+ Rxg8 17. Nxg4 Nc4 18. Bg5 Rge8 19. Ke2 Re6 20. Rhd1 Ra6 21. Rd7 Bd6 22. Bh6 Rg8 23. Nf6+ Kxh6 24. Nxg8+ Kh7 25. Nf6+ Kh6 26. Ng4+ Kg6 27. Rxb7 Rxa2 28. Rdxc7 Bxc7 29. Rxc7 1-0